000 00829nam a22002532 4500
001 0000024413
005 20151217152301.0
008 130912s xx 000 0 eng d
020 _a0702047299 :
040 _aKABU
_cKABU
245 1 0 _aMacleod's clinical examination /
_cedited by Graham Douglas, Fiona Nicol, Colin Robertson.
250 _a13th ed.
260 _aLondon :
_bChurchill Livingstone,
_c2013.
300 _axvii, 451 p.
650 0 _aPhysical diagnosis.
_@0000155961
650 0 _aMedical history taking.
_@0000155960
650 0 _aPhysical examination.
_@0000183812
700 1 _aDouglas, Graham.
_@0000184508
700 1 _aNicol, Fiona.
_@0000184509
700 1 _aRobertson, Colin.
_@0000184510
852 1 _9p5482 KES
908 _a130912
950 _@1
999 _c10264
_d10264